02546nam a2200313 i 4500003000400000005001700004008004100021020003900062040002500101082001500126090001900141100003300160245013000193246007300323264004800396300006700444336002100511337002500532338002300557500005200580500005800632520137200690650003602062650004002098655003202138710003202170942001102202999001902213OSt20260511113943.0260511s2025 nyua ar 000 1 eng d a9780241715307cRM 54.95qpaperback aPPAKbengcPPAKerda04223a823.9200a823.92bTAUdK1 aTaube, Anna,d1976-eauthor.10aTHE OCEAN'S HEARTBEAT /cConcept and illustrated by dame & dusa ; Translated into English from the German text by Anna Taube.34aOcean's heartbeat : bthe story of a jellyfish in search of a heart  1aLondon :bDorling Kindersley Limited,c2025 a1 volume (unpaged) : bchiefly colour illustrations ; c26 cm  atext2rdacontent aunmediated2rdamedia avolume2rdacarrier aEnglish translation: First Edition Translations aThe story of a jellyfish in search of a heart --Cover aThis picture book for young children is about the beauty of every heart and celebrating your own uniqueness. The Ocean's Heartbeat is a joyous, read-aloud picture book about the uniqueness of every creature's heart for children aged 3-5. Packed with fascinating scientific knowledge, including extra pages about the unique hearts of more amazing creatures, this engaging book shows the incredible diversity of life on Earth and encourages everyone to love how they are different and to celebrate being themselves. This magical picture book for children offers: A whimsical and entertaining narrative that can be shared between parents/caregivers and children ; Beautiful, atmospheric collage-style artwork that captures the magic of the jellyfish's journey to find a mysterious heartbeat ; An important story that celebrates the diversity of living creatures and encourages children to value their own uniqueness. In the depths of the sea, a jellyfish hears a loud THOOMP. What is this mysterious sound? A wise fish explains that the THOOMP is a heartbeat. The jellyfish listens to the wise fish's soft heartbeat but sadly realizes she has no heartbeat herself, so she swims off to search for it. Along the way, she meets various creatures and learns about their heartbeats, from the seal to the whale to the octopus with three hearts! But why can't she hear her own?10aJellyfishes vJuvenile fiction.20aMarine animals vJuvenile fiction.  7aPicture books for children 2 adame & dusa,eillustrator.  2ddccB c204152d204152